Statistics for Little Mix Lyrics - Touch

Click here to take the quiz!

General Stats

  • This quiz has been taken 533 times
  • The average score is 295 of 326

Answer Stats

Answer% Correct
a
99%
I
99%
i
99%
to
99%
you
99%
You
99%
love
98%
of
98%
touch
98%
your
98%
Just
97%
just
97%
my
96%
and
95%
enough
95%
is
95%
me
95%
no
94%
all
93%
body
93%
feel
93%
take
93%
else
92%
the
92%
The
92%
it
91%
never
91%
nobody
91%
control
90%
don't
90%
Don't
90%
keep
90%
so
90%
So
90%
whole
90%
Why
90%
Feeling
89%
felt
89%
on
89%
yourself
89%
got
88%
way
88%
week
87%
feet
86%
like
86%
first
85%
not
85%
spell
85%
time
85%
under
84%
won't
84%
faking
83%
off
83%
am
82%
But
82%
for
82%
knock
81%
now
81%
feelings
80%
playing
79%
Fingers
77%
buttons
76%
this
76%
you're
76%
Master
75%
wait
75%
anticipation
74%
long
74%
secret
74%
tell
74%
with
74%
promise
73%
t-shirt
73%
I'll
72%
that
72%
making
71%
Photograph
71%
I'm
68%
how
65%
be
62%
know
61%
something
61%
can
60%
emotion
60%
into
59%
real
59%
that's
59%
could
58%
afraid
57%
golden
57%
see
57%
glowing
55%
cause
52%
fade
46%
us
29%
do do do do do
28%
do do
27%

Score Distribution

Percentile by Number Answered

Percent of People with Each Score

Your Score History

You have not taken this quiz